=LDR 00000nam 2200000 4500 =001 INLIS000000000050382 =005 20170503111601 =035 ##$$a 0010-0517000035 =007 ta =008 170503###########################0###### =020 ##$$a 978-979-254-491-40 =082 ##$$a 010.7 =084 ##$$a 010.7 ROH p =100 #$$a Rohma, Nikmatur =245 1#$$a Proses keperawatan teori dan aplikasi /$c Nikmatur Rohma =250 ##$$a Cet.1 =260 ##$$a Yogyakarta :$b Ar- Ruzz Media,$c 2012 =300 ##$$a 284 hlm. : $b Ilus ; $c 21 cm =650 ##$$a Keperawatan =990 ##$$a 76927692 =990 ##$$a 76927692 =990 ##$$a 31700393 =990 ##$$a 02201707692 =990 ##$$a 31700394 =990 ##$$a 31700393